[Event "SD-2014-0-00194"]
[Site "LSS email"]
[Date "2014.06.16"]
[Round "?"]
[White "Goreczny, Grzegorz"]
[Black "Law, Stephen"]
[Result "1-0"]
[WhiteElo "1836"]
[BlackElo "1472"]
[PlyCount "43"]
[EventDate "2014.03.25"]
[EventType "tourn (corr)"]
[EventRounds "6"]
[EventCountry "GER"]
[SourceTitle "Corr 2015"]
[Source "ChessBase"]
[SourceDate "2015.07.17"]
[SourceVersion "1"]
[SourceVersionDate "2015.07.17"]
[SourceQuality "1"]

1. e4 d6 2. d4 g6 3. Nc3 Bg7 4. Nf3 Nf6 5. Be2 0-0 6. 0-0 a6 7. a3 b5 8. Re1 c5 9. e5 dxe5 10. dxe5 Ng4 11. Bf4 Nc6 12. Bd3 Ra7 13. h3 Nh6 14. Be4 Na5 15. b4 Nc4 16. Qxd8 Rxd8 17. bxc5 Bf5 18. a4 b4 19. Rad1 Rad7 20. Rxd7 Rxd7 21. c6 Rc7 22. Nd5 1-0

[Event "SD-2014-0-00194"]
[Site "LSS email"]
[Date "2014.06.16"]
[Round "?"]
[White "Law, Stephen"]
[Black "Demidov, Lazar"]
[Result "0-1"]
[WhiteElo "1472"]
[BlackElo "1699"]
[PlyCount "52"]
[EventDate "2014.03.25"]
[EventType "tourn (corr)"]
[EventRounds "6"]
[EventCountry "GER"]
[SourceTitle "Corr 2015"]
[Source "ChessBase"]
[SourceDate "2015.07.17"]
[SourceVersion "1"]
[SourceVersionDate "2015.07.17"]
[SourceQuality "1"]

1. e4 e5 2. Bc4 Nf6 3. d3 c6 4. Nf3 d5 5. Bb3 Bd6 6. exd5 cxd5 7. Bg5 d4 8. 0-0 Nc6 9. Nbd2 0-0 10. Re1 h6 11. Bh4 Re8 12. h3 a6 13. Nc4 b5 14. Nxd6 Qxd6 15. Bg3 Bf5 16. Qd2 Nd7 17. Bh2 Rac8 18. a4 Nc5 19. axb5 Nxb3 20. cxb3 axb5 21. Ra6 Qd5 22. b4 Bxd3 23. Qxd3 Nxb4 24. Qa3 Nxa6 25. Qxa6 d3 26. Nd2 Rc2 0-1

[Event "SD-2014-0-00194"]
[Site "LSS email"]
[Date "2014.06.16"]
[Round "?"]
[White "Stevens, Michael"]
[Black "Law, Stephen"]
[Result "1-0"]
[WhiteElo "1584"]
[BlackElo "1472"]
[PlyCount "61"]
[EventDate "2014.03.25"]
[EventType "tourn (corr)"]
[EventRounds "6"]
[EventCountry "GER"]
[SourceTitle "Corr 2015"]
[Source "ChessBase"]
[SourceDate "2015.07.17"]
[SourceVersion "1"]
[SourceVersionDate "2015.07.17"]
[SourceQuality "1"]

1. d4 Nf6 2. c4 g6 3. Nc3 Bg7 4. e4 d6 5. Be2 0-0 6. Nf3 e5 7. 0-0 Na6 8. Be3 Ng4 9. Bg5 Qe8 10. dxe5 Nxe5 11. Nxe5 Qxe5 12. Qd2 Re8 13. Rad1 b6 14. Bf4 Qe6 15. Nd5 Qxe4 16. Bf3 Qxc4 17. Rc1 Qd4 18. Qxd4 Bxd4 19. Nxc7 Nxc7 20. Rxc7 Ba6 21. Rd1 Rac8 22. Rxa7 Bb5 23. h3 Be5 24. Be3 Rc2 25. b3 Rb8 26. Bd5 Be8 27. a4 Kg7 28. f4 Bb2 29. Ra6 b5 30. a5 Ba3 31. Rb6 1-0

[Event "BI-2011-P-00020"]
[Site "LSS email"]
[Date "2011.04.17"]
[Round "?"]
[White "Law, Stephen"]
[Black "Bester, Kazimierz"]
[Result "1-0"]
[WhiteElo "1466"]
[BlackElo "706"]
[PlyCount "61"]
[EventDate "2011.04.20"]
[EventType "tourn (corr)"]
[EventRounds "10"]
[EventCountry "GER"]
[SourceTitle "Telechess CBM 157"]
[Source "ChessBase"]
[SourceDate "2013.11.12"]
[SourceVersion "1"]
[SourceVersionDate "2013.11.12"]
[SourceQuality "1"]

1. e4 d5 2. exd5 Qxd5 3. Nc3 Qa5 4. b4 Qxb4 5. Rb1 Qd6 6. d4 Nc6 7. Nb5 Qd7 8. Bf4 e5 9. dxe5 Qe7 10. e6 Qxe6+ 11. Be2 Bb4+ 12. Rxb4 Qxa2 13. Nxc7+ Kf8 14. Nxa8 Nf6 15. Nc7 Qa5 16. Qd6+ Kg8 17. Bd2 Qa1+ 18. Bd1 g6 19. Rb3 Ne4 20. Qa3 Qxa3 21. Rxa3 Nxd2 22. Kxd2 Kg7 23. Nf3 Rd8+ 24. Rd3 Rxd3+ 25. cxd3 a6 26. Re1 Bf5 27. d4 h5 28. d5 Nb4 29. Nd4 Bb1 30. d6 Na2 31. d7 1-0

[Event "BI-2011-P-00020"]
[Site "LSS email"]
[Date "2011.04.17"]
[Round "?"]
[White "Law, Stephen"]
[Black "Bonoldi, Fabio"]
[Result "0-1"]
[WhiteElo "1466"]
[BlackElo "1870"]
[PlyCount "72"]
[EventDate "2011.04.20"]
[EventType "tourn (corr)"]
[EventRounds "10"]
[EventCountry "GER"]
[SourceTitle "Telechess CBM 157"]
[Source "ChessBase"]
[SourceDate "2013.11.12"]
[SourceVersion "1"]
[SourceVersionDate "2013.11.12"]
[SourceQuality "1"]

1. e4 g6 2. d4 Bg7 3. Be3 d6 4. Qd2 a6 5. Bc4 Nd7 6. Nc3 e6 7. 0-0-0 b5 8. Bb3 Bb7 9. f3 Ne7 10. d5 exd5 11. Nxd5 Nxd5 12. Bxd5 Bxd5 13. exd5 0-0 14. Bh6 Qf6 15. Bxg7 Kxg7 16. h4 Nb6 17. Ne2 Rfe8 18. Nc3 Nc4 19. Qd4 Ne3 20. Qxf6+ Kxf6 21. Rd2 Re5 22. Re1 Kg7 23. Nd1 Nf5 24. Rxe5 dxe5 25. h5 gxh5 26. Nf2 Rd8 27. Ne4 Ne3 28. Nc5 Rxd5 29. Nxa6 Rxd2 30. Kxd2 Nxg2 31. Nxc7 h4 32. Ke2 b4 33. a4 bxa3 34. bxa3 h3 35. Kf2 Ne1 36. c4 h2 0-1

[Event "LSS No Engine Cup 34 Preliminary 2"]
[Site "LSS email"]
[Date "2011.01.08"]
[Round "?"]
[White "Rose, Robert E"]
[Black "Law, Stephen"]
[Result "0-1"]
[WhiteElo "635"]
[BlackElo "1432"]
[PlyCount "34"]
[EventDate "2011.01.09"]
[EventType "tourn (corr)"]
[EventRounds "6"]
[EventCountry "GER"]
[SourceTitle "Corr 2015"]
[Source "ChessBase"]
[SourceDate "2015.07.17"]
[SourceVersion "1"]
[SourceVersionDate "2015.07.17"]
[SourceQuality "1"]

1. e4 e5 2. Nf3 Nc6 3. Bb5 a6 4. Ba4 Nf6 5. 0-0 Nxe4 6. d4 b5 7. Bb3 d5 8. dxe5 Be6 9. Re1 Be7 10. Nbd2 Nc5 11. c3 d4 12. Bxe6 Nxe6 13. cxd4 Ncxd4 14. Nxd4 Qxd4 15. Nf3 Qb4 16. Qc2 Nd4 17. Nxd4 Qxe1# 0-1

[Event "LSS RD-2010-0-00040"]
[Site "LSS email"]
[Date "2010.11.07"]
[Round "?"]
[White "Jara, Julio Cesar"]
[Black "Law, Stephen"]
[Result "1-0"]
[WhiteElo "1582"]
[BlackElo "1432"]
[PlyCount "47"]
[EventDate "2010.09.09"]
[EventType "tourn (corr)"]
[EventRounds "6"]
[EventCountry "GER"]
[SourceTitle "Telechess CBM 143"]
[Source "ChessBase"]
[SourceDate "2011.07.15"]
[SourceVersion "1"]
[SourceVersionDate "2011.07.15"]
[SourceQuality "1"]

1. d4 d5 2. Nf3 Nf6 3. c4 dxc4 4. e3 Bg4 5. Bxc4 e6 6. Nc3 Nbd7 7. 0-0 Bb4 8. h3 Bh5 9. Be2 Nb6 10. a3 Be7 11. e4 0-0 12. Bf4 c6 13. Qd3 Bg6 14. Ne5 Re8 15. Rfe1 Rc8 16. Rad1 Bh5 17. g4 Bg6 18. h4 h6 19. Qe3 Bh7 20. g5 hxg5 21. hxg5 Nfd7 22. Kg2 Bf8 23. Rh1 Nxe5 24. Qh3 1-0

[Event "LSS RD-2010-0-00040"]
[Site "LSS email"]
[Date "2010.11.07"]
[Round "?"]
[White "Law, Stephen"]
[Black "Steinert, Martin"]
[Result "1-0"]
[WhiteElo "1446"]
[BlackElo "1479"]
[PlyCount "39"]
[EventDate "2010.09.09"]
[EventType "tourn (corr)"]
[EventRounds "6"]
[EventCountry "GER"]
[SourceTitle "Telechess CBM 143"]
[Source "ChessBase"]
[SourceDate "2011.07.15"]
[SourceVersion "1"]
[SourceVersionDate "2011.07.15"]
[SourceQuality "1"]

1. e4 c6 2. d4 d5 3. Nc3 dxe4 4. Nxe4 Bf5 5. Ng3 Bg6 6. Bc4 e6 7. N1e2 Bd6 8. h4 h6 9. Nf4 Ne7 10. Nxg6 Nxg6 11. Ne4 Nxh4 12. Bxe6 Nxg2+ 13. Kf1 0-0 14. Bxh6 fxe6 15. Kxg2 Rf7 16. Bg5 Be7 17. Qh5 Rf5 18. Qh8+ Kf7 19. Qxd8 Bxd8 20. Bxd8 1-0

[Event "LSS RD-2010-0-00040"]
[Site "LSS email"]
[Date "2010.11.07"]
[Round "?"]
[White "Law, Stephen"]
[Black "Suarez, Roberto"]
[Result "1-0"]
[WhiteElo "1456"]
[BlackElo "1378"]
[PlyCount "37"]
[EventDate "2010.09.09"]
[EventType "tourn (corr)"]
[EventRounds "6"]
[EventCountry "GER"]
[SourceTitle "Telechess CBM 143"]
[Source "ChessBase"]
[SourceDate "2011.07.15"]
[SourceVersion "1"]
[SourceVersionDate "2011.07.15"]
[SourceQuality "1"]

1. e4 e5 2. f4 exf4 3. Nf3 d6 4. d4 g5 5. h4 g4 6. Ng1 f5 7. Nc3 Nf6 8. Bxf4 h5 9. Bg5 Bg7 10. Bc4 fxe4 11. Nge2 Bf5 12. 0-0 Nbd7 13. Rxf5 Nb6 14. Bb3 Rf8 15. Nf4 c6 16. Ng6 Qd7 17. Qf1 0-0-0 18. Nxf8 Rxf8 19. Bxf6 1-0

[Event "CP-2010-P-00056"]
[Site "LSS email"]
[Date "2010.09.28"]
[Round "?"]
[White "Law, Stephen"]
[Black "Loehr, Roland"]
[Result "0-1"]
[WhiteElo "1466"]
[BlackElo "1940"]
[PlyCount "46"]
[EventDate "2010.10.01"]
[EventType "tourn (corr)"]
[EventRounds "6"]
[EventCountry "GER"]
[SourceTitle "Telechess CBM 151"]
[Source "ChessBase"]
[SourceDate "2012.11.13"]
[SourceVersion "1"]
[SourceVersionDate "2012.11.13"]
[SourceQuality "1"]

1. e4 d6 2. d4 Nf6 3. Bd3 e5 4. Nf3 Nbd7 5. c3 d5 6. dxe5 dxe4 7. exf6 exf3 8. fxg7 Bxg7 9. Qxf3 Ne5 10. Bb5+ c6 11. Qg3 Bg4 12. 0-0 cxb5 13. Bf4 Qd3 14. Bxe5 Qxg3 15. Bxg3 0-0 16. f3 Bf5 17. Nd2 b4 18. cxb4 Bxb2 19. Rad1 Bc2 20. Nc4 Bxd1 21. Nxb2 Be2 22. Re1 Rfe8 23. Kf2 Bb5 0-1

[Event "LSS No Engine Cup 15 Final"]
[Site "LSS email"]
[Date "2010.09.06"]
[Round "?"]
[White "Law, Stephen"]
[Black "Pavlikov, Andrei Nikolaevich"]
[Result "0-1"]
[WhiteElo "1451"]
[BlackElo "2096"]
[PlyCount "58"]
[EventDate "2010.09.07"]
[EventType "tourn (corr)"]
[EventRounds "6"]
[EventCountry "GER"]
[SourceTitle "Telechess CBM 145"]
[Source "Chessbase"]
[SourceDate "2011.11.11"]
[SourceVersion "1"]
[SourceVersionDate "2011.11.11"]
[SourceQuality "1"]

1. e4 d6 2. d4 Nf6 3. f3 Nbd7 4. Nc3 e5 5. Nge2 c6 6. Be3 Be7 7. Qd2 0-0 8. Ng3 g6 9. Bh6 Re8 10. h4 exd4 11. Qxd4 d5 12. 0-0-0 Bd6 13. Qf2 Qc7 14. Nce2 dxe4 15. Nxe4 Rxe4 16. fxe4 Ng4 17. Qd4 Be5 18. Qd2 Nf2 19. Rg1 Nxd1 20. Qxd1 Qb6 21. c3 Nf6 22. Qd3 Be6 23. Be3 c5 24. b3 Rd8 25. Qc2 Ng4 26. Bf4 Bxf4+ 27. Nxf4 c4 28. Nxe6 fxe6 29. Rh1 Qe3+ 0-1

[Event "LSS SD-2010-0-00055"]
[Site "LSS email"]
[Date "2010.04.26"]
[Round "?"]
[White "Law, Stephen"]
[Black "Ferluga, Sergio"]
[Result "0-1"]
[WhiteElo "1458"]
[BlackElo "1514"]
[PlyCount "64"]
[EventDate "2010.02.26"]
[EventType "tourn (corr)"]
[EventRounds "6"]
[EventCountry "GER"]
[SourceTitle "Telechess CBM 141"]
[Source "ChessBase"]
[SourceDate "2011.03.17"]
[SourceVersion "1"]
[SourceVersionDate "2011.03.17"]
[SourceQuality "1"]

1. e4 Nf6 2. e5 Nd5 3. d4 d6 4. Bc4 e6 5. Qe2 Be7 6. Qg4 g5 7. exd6 Qxd6 8. Nf3 Nf4 9. Bxf4 Qxf4 10. Qxf4 gxf4 11. Nc3 a6 12. Ne2 Bd6 13. 0-0-0 b5 14. Bb3 Nd7 15. Rhe1 Rg8 16. g3 Bb7 17. d5 fxg3 18. fxg3 Nc5 19. dxe6 Nxb3+ 20. axb3 Bxf3 21. exf7+ Kxf7 22. Rf1 Bf4+ 23. Nxf4 Bxd1 24. Nd3+ Kg7 25. Kxd1 Rgf8 26. Rxf8 Rxf8 27. Ke2 a5 28. Nf4 Kf6 29. Ke3 Re8+ 30. Kd4 Rd8+ 31. Kc5 Rd2 32. Kxb5 Rxh2 0-1

[Event "LSS SD-2010-0-00055"]
[Site "LSS email"]
[Date "2010.04.26"]
[Round "?"]
[White "Law, Stephen"]
[Black "Richter, Klaus"]
[Result "0-1"]
[WhiteElo "1450"]
[BlackElo "1475"]
[PlyCount "36"]
[EventDate "2010.02.26"]
[EventType "tourn (corr)"]
[EventRounds "6"]
[EventCountry "GER"]
[SourceTitle "Corr 2013"]
[Source "ChessBase"]
[SourceDate "2012.11.12"]
[SourceVersion "1"]
[SourceVersionDate "2012.11.12"]
[SourceQuality "1"]
[WhiteTeam "US of America"]
[BlackTeam "US of America"]
[WhiteTeamCountry "USA"]
[BlackTeamCountry "USA"]

1. e4 e5 2. f4 exf4 3. Nf3 g5 4. Bc4 g4 5. d4 gxf3 6. Qxf3 d5 7. Bxd5 Nf6 8. Bxf4 Bg4 9. Qg3 c6 10. Bxf7+ Kxf7 11. Be5 Nbd7 12. 0-0 Be2 13. Re1 Nxe5 14. dxe5 Qd4+ 15. Kh1 Nxe4 16. Qb3+ Kg7 17. Qxb7+ Kh6 18. Qxc6+ Bd6 0-1

[Event "LSS BI-2010-P-00016"]
[Site "LSS email"]
[Date "2010.04.19"]
[Round "?"]
[White "Guaimare Rodriguez, Carlos Luis"]
[Black "Law, Stephen"]
[Result "1/2-1/2"]
[WhiteElo "1417"]
[BlackElo "1453"]
[PlyCount "60"]
[EventDate "2010.04.22"]
[EventType "tourn (corr)"]
[EventRounds "10"]
[EventCountry "GER"]
[SourceTitle "Telechess CBM 141"]
[Source "ChessBase"]
[SourceDate "2011.03.17"]
[SourceVersion "1"]
[SourceVersionDate "2011.03.17"]
[SourceQuality "1"]

1. e4 e5 2. Nf3 Nc6 3. Bb5 a6 4. Ba4 Nf6 5. 0-0 Nxe4 6. d4 b5 7. Bb3 d5 8. c3 exd4 9. cxd4 Be6 10. Nc3 Nxc3 11. bxc3 Be7 12. a4 b4 13. cxb4 Nxb4 14. Ba3 a5 15. Ne5 0-0 16. Bxb4 Bxb4 17. Nc6 Qd6 18. Nxb4 Qxb4 19. Qd3 g6 20. Rfc1 Rab8 21. Ba2 Rfc8 22. h3 c5 23. dxc5 Rxc5 24. Rxc5 Qxc5 25. Rd1 Rb2 26. Bxd5 Rxf2 27. Qd4 Qc2 28. Ba8 Rf4 29. Qxf4 Qxd1+ 30. Kh2 Qd8 1/2-1/2

[Event "LSS BI-2010-P-00016"]
[Site "LSS email"]
[Date "2010.04.19"]
[Round "?"]
[White "Maidana Guerra, Victor Ramon"]
[Black "Law, Stephen"]
[Result "1-0"]
[WhiteElo "1928"]
[BlackElo "1456"]
[PlyCount "81"]
[EventDate "2010.04.22"]
[EventType "tourn (corr)"]
[EventRounds "10"]
[EventCountry "GER"]
[SourceTitle "Telechess CBM 141"]
[Source "ChessBase"]
[SourceDate "2011.03.17"]
[SourceVersion "1"]
[SourceVersionDate "2011.03.17"]
[SourceQuality "1"]

1. d4 d5 2. Nf3 Nf6 3. c4 dxc4 4. e3 e6 5. Bxc4 c5 6. Qe2 a6 7. dxc5 Bxc5 8. 0-0 Nc6 9. e4 b5 10. Bb3 Nd4 11. Nxd4 Qxd4 12. Be3 Qe5 13. Bxc5 Qxc5 14. Nc3 Bb7 15. Rad1 0-0 16. e5 Qc6 17. f4 Nd7 18. Bc2 Nb6 19. Qf2 Qc7 20. Rc1 Kh8 21. Bxh7 Kxh7 22. Nd5 Nxd5 23. Rxc7 Nxc7 24. Qc2+ Kg8 25. Qxc7 Bd5 26. Qa5 Rfc8 27. h4 g6 28. Rf2 Kg7 29. Kh2 Rc6 30. Kh3 Rac8 31. Rd2 R8c7 32. g3 Rc8 33. Kg4 Kh6 34. Qa3 Kg7 35. Qe7 R6c7 36. Qf6+ Kh7 37. h5 gxh5+ 38. Kxh5 Bf3+ 39. g4 Rh8 40. Qh6+ Kg8 41. Rd8# 1-0

[Event "LSS BI-2009-F-00011"]
[Site "LSS email"]
[Date "2010.02.15"]
[Round "?"]
[White "Andre, Ricardo"]
[Black "Law, Stephen"]
[Result "1-0"]
[WhiteElo "1485"]
[BlackElo "1510"]
[PlyCount "49"]
[EventDate "2010.02.17"]
[EventType "tourn (corr)"]
[EventRounds "10"]
[EventCountry "GER"]
[SourceTitle "Corr 2013"]
[Source "ChessBase"]
[SourceDate "2012.11.12"]
[SourceVersion "1"]
[SourceVersionDate "2012.11.12"]
[SourceQuality "1"]

1. Nf3 d5 2. c4 d4 3. g3 Nc6 4. e3 Bg4 5. d3 e5 6. h3 Bh5 7. Bg2 Bb4+ 8. Bd2 dxe3 9. Bxb4 exf2+ 10. Kf1 Nxb4 11. Qa4+ Nc6 12. Nxe5 Nge7 13. Nxc6 Qxd3+ 14. Kxf2 Qf5+ 15. Kg1 bxc6 16. Bxc6+ Nxc6 17. Qxc6+ Ke7 18. Qxc7+ Kf8 19. Nc3 Bf3 20. Rf1 Qd3 21. Rh2 Qe3+ 22. Rhf2 Bh5 23. g4 Bg6 24. Nd5 Qe6 25. Qc5+ 1-0

[Event "LSS CP-2009-P-00058"]
[Site "LSS email"]
[Date "2009.09.27"]
[Round "?"]
[White "Law, Stephen"]
[Black "Gyimesi, Jenoe"]
[Result "0-1"]
[WhiteElo "1514"]
[BlackElo "2027"]
[PlyCount "52"]
[EventDate "2009.10.01"]
[EventType "tourn (corr)"]
[EventRounds "6"]
[EventCountry "GER"]
[SourceTitle "Corr 2013"]
[Source "ChessBase"]
[SourceDate "2012.11.12"]
[SourceVersion "1"]
[SourceVersionDate "2012.11.12"]
[SourceQuality "1"]
[WhiteTeam "US of America"]
[BlackTeam "US of America"]
[WhiteTeamCountry "USA"]
[BlackTeamCountry "USA"]

1. e4 e5 2. Bc4 Nf6 3. d3 c6 4. Nc3 d5 5. exd5 cxd5 6. Bb3 Bb4 7. Bd2 0-0 8. Nge2 Nc6 9. 0-0 h6 10. h3 Re8 11. a3 Bc5 12. Ng3 Nd4 13. Ba4 Bd7 14. Bxd7 Qxd7 15. Re1 Rac8 16. Rc1 a6 17. Nh5 Nxh5 18. Qxh5 Rc6 19. Re3 Rf6 20. Kf1 Nf5 21. Rf3 e4 22. Rf4 e3 23. Be1 exf2 24. Bxf2 Bxf2 25. Kxf2 Qe7 26. Qf3 Qc5+ 0-1

[Event "LSS CP-2009-P-00058"]
[Site "LSS email"]
[Date "2009.09.27"]
[Round "?"]
[White "Law, Stephen"]
[Black "Zimmermann, Jan Erik"]
[Result "1-0"]
[WhiteElo "1516"]
[BlackElo "969"]
[PlyCount "77"]
[EventDate "2009.10.01"]
[EventType "tourn (corr)"]
[EventRounds "6"]
[EventCountry "GER"]
[SourceTitle "Telechess CBM 137"]
[Source "ChessBase"]
[SourceDate "2010.07.15"]
[SourceVersion "1"]
[SourceVersionDate "2010.07.15"]
[SourceQuality "1"]

1. e4 d5 2. exd5 Qxd5 3. Nc3 Qd6 4. d4 g6 5. Bc4 Bg7 6. Nge2 Nf6 7. Bf4 Qd8 8. Qd2 a6 9. 0-0 0-0 10. a4 c5 11. dxc5 Qxd2 12. Bxd2 Bf5 13. Nd4 Bd7 14. Rfe1 e6 15. Ne4 Nxe4 16. Rxe4 Nc6 17. c3 Nxd4 18. cxd4 Bc6 19. Rf4 Rad8 20. Bc3 Rd7 21. b4 Rfd8 22. b5 axb5 23. axb5 Bd5 24. Be2 f5 25. Rh4 Be4 26. f3 Bf6 27. fxe4 Bxh4 28. Bc4 Re7 29. d5 exd5 30. exd5 Re4 31. Bb3 Kf8 32. c6 bxc6 33. bxc6 Be7 34. Bd2 Bd6 35. Kf1 Rd4 36. Bh6+ Kf7 37. Ra7+ Kg8 38. Rd7 Rxd7 39. cxd7 1-0

[Event "LSS CP-2009-P-00058"]
[Site "LSS email"]
[Date "2009.09.27"]
[Round "?"]
[White "Zolendowski, Cesary"]
[Black "Law, Stephen"]
[Result "1-0"]
[WhiteElo "2153"]
[BlackElo "1509"]
[PlyCount "37"]
[EventDate "2009.10.01"]
[EventType "tourn (corr)"]
[EventRounds "6"]
[EventCountry "GER"]
[SourceTitle "Telechess CBM 137"]
[Source "ChessBase"]
[SourceDate "2010.07.15"]
[SourceVersion "1"]
[SourceVersionDate "2010.07.15"]
[SourceQuality "1"]

1. e4 e5 2. Nf3 Nc6 3. Bb5 a6 4. Ba4 Nf6 5. 0-0 Nxe4 6. d4 b5 7. Bb3 d5 8. dxe5 Be6 9. Nbd2 Nc5 10. c3 Nd3 11. Qe2 Nf4 12. Qe3 g5 13. Rd1 Bh6 14. Ne4 Ne7 15. Nfxg5 Neg6 16. Nf6+ Kf8 17. h4 Kg7 18. Nh5+ Nxh5 19. Nxe6+ 1-0

[Event "LSS No Engine Cup Gr02 prel 06 email"]
[Site "LSS email"]
[Date "2009.07.02"]
[Round "?"]
[White "Law, Stephen"]
[Black "Norman, Nigel"]
[Result "0-1"]
[WhiteElo "1518"]
[BlackElo "2045"]
[PlyCount "46"]
[EventDate "2009.07.03"]
[EventType "tourn (corr)"]
[EventRounds "6"]
[EventCountry "GER"]
[SourceTitle "Telechess CBM 137"]
[Source "ChessBase"]
[SourceDate "2010.07.15"]
[SourceVersion "1"]
[SourceVersionDate "2010.07.15"]
[SourceQuality "1"]

1. e4 c5 2. Nf3 Nc6 3. d4 cxd4 4. Nxd4 Nf6 5. Nc3 d6 6. Bc4 e6 7. Be3 Be7 8. Qe2 0-0 9. 0-0-0 a6 10. Bb3 Qc7 11. Rhg1 b5 12. g4 Na5 13. g5 Nxb3+ 14. axb3 Nd7 15. f4 b4 16. Nf5 Bd8 17. Qh5 bxc3 18. Nh6+ gxh6 19. e5 cxb2+ 20. Kxb2 dxe5 21. gxh6+ Kh8 22. fxe5 Bb7 23. Rg3 Be4 0-1